000 00715nam a2200217Ia 4500
003 GCL
008 140319s9999 xx 000 0 ara d
040 _aGCL /
_cGCL
082 0 4 _aق
_b071.962
_bع د
100 1 _aعواطف عبدالرحمن
245 1 0 _aدراسات فى الصحافة المصرية والعربية قضايا معاصرة /
_cعواطف عبدالرحمن
260 _aالقاهرة :
_bالعربى للنشر والتوزيع ،
_c1989
300 _a231 ص ؛
_c24 سم
490 _a
650 0 4 _aتاريخ
650 0 4 _aحقوق الانسان
650 0 4 _aالصحافة المصرية
650 0 4 _aدوريات
650 0 4 _aالرأى العام
942 _2ddc
_cBK
999 _c31108
_d31108